| 000 | 01168nam a2200325Ia 4500 | ||
|---|---|---|---|
| 001 | 34350 | ||
| 003 | IT-RoPAU | ||
| 008 | 130308s9999 xx 000 0 und d | ||
| 040 | _aIT-RoPAU | ||
| 040 | _cIT-RoPAU | ||
| 041 | _aFRANCESE | ||
| 100 | _aTaylor Mark C. | ||
| 100 | _gCodice Aut. SPICS: 15242 | ||
| 240 | _aERRING: a POSTMODERN A/THEOLOGY | ||
| 240 | _gCodice Tit. Orig. Spics: T0814 | ||
| 245 | _aErrance-Lecture de Jacques derrida: un essai D'A-Theologie postmoderne | ||
| 245 | _bErrance-Lecture de Jacques Derrida: un Essai D'A-Theologie Postmoderne | ||
| 250 | _a1a ed. | ||
| 260 | _aPARIS | ||
| 260 | _bCerf | ||
| 260 | _c1985 [1° Ed.:1985 - Ed.Ling.Originale:1984] | ||
| 300 | _a"288 p. (prefazione: no ; testo: 288)" | ||
| 500 | _aSaggio di a Teologia Distruzione della Teologia Morte di Dio narcisismo e Nihilismo scomparsa dell'io Fine della Storia chiusura del Libro Scrittura di Dio Marche smarrimento della grazia Scrittura Errante a Teologia Postmoderna Lettura di Jacques Derrida | ||
| 650 | _aLOGICA FILOSOFICA | ||
| 650 | _eCodice materia Spics: 3151 | ||
| 942 | _cBK | ||
| 957 | _71 | ||
| 999 |
_c65457 _d65457 |
||
| 999 | _bSI | ||
| 999 | _g1 | ||